कवि ने कहा/ (Record no. 66988)

MARC details
000 -LEADER
fixed length control field 00788nam a22001817a 4500
005 - DATE AND TIME OF LATEST TRANSACTION
control field 20120521170737.0
020 ## - INTERNATIONAL STANDARD BOOK NUMBER
International Standard Book Number 9789381467183
Terms of availability 190.00
082 ## - DEWEY DECIMAL CLASSIFICATION NUMBER
Classification number 821
100 ## - MAIN ENTRY--PERSONAL NAME
Personal name इब्बार रब्बी
245 ## - TITLE STATEMENT
Title कवि ने कहा/
Statement of responsibility, etc इब्बार रब्बी
260 ## - PUBLICATION, DISTRIBUTION, ETC. (IMPRINT)
Place of publication, distribution, etc नयी दिल्ली
Name of publisher, distributor, etc किताबघर प्रकाशन
Date of publication, distribution, etc 2012
270 ## - ADDRESS
Address 4855-56/24, अंसारी रोड, दरियागंज,
Postal code 110002
300 ## - PHYSICAL DESCRIPTION
Extent 128 पृ.
Dimensions 22 सें.मी. (सजिल्द)
490 ## - SERIES STATEMENT
Series statement कवि ने कहा सीरीज
-- 47620
942 ## - ADDED ENTRY ELEMENTS (KOHA)
Source of classification or shelving scheme Dewey Decimal Classification
Item type Hindi Books
Call number suffix इब्बार
Holdings
Withdrawn status Lost status Not for loan Home library Current library Date acquired Cost, normal purchase price Full call number Cost, replacement price Koha item type
      Andrews Gunj Andrews Gunj 21/05/2012 190.00 इब्बार 190.00 Hindi Books

© Delhi Public Library
Hit Counter
free hit counter